000 00793nam a2200265Ia 4500
001 Para_1976
003 CHAP
008 220125s1998 xx 000 0 und d
010 _a199557
040 _cCHAP
082 _aPA 583.46 C8
111 _aCucurbitaceae“98: evaluation and enhancement of cucurbitgermplasm (1 : 1998 : Pacific Grove, Calif.)
_9164764
245 _aMemorias /
_c por American society for horticultural science
260 _aPacific Grove, Calif :
_b La sociedad
300 _a377 p.
650 _aCucurbitaceas
_929996
700 _aMcCreight, James D., ed.
_9164765
901 _aPA 583.46 C8
902 _aA
905 _a0000001998 z 0000000000 00
910 _a1998
942 _cPARA
942 _cPARA
_d1
999 _c199557
_d199557